Հայ գաղթականությունն Առաջին աշխարհամարտի տարիներին և Հայ Առաքելական Սուրբ Եկեղեցին (1914-1917) / (Record no. 541897)
[ view plain ]
| 000 -LEADER | |
|---|---|
| fixed length control field | 01394nam a2200253 a 4500 |
| 003 - CONTROL NUMBER IDENTIFIER | |
| control field | AM-YEHGA |
| 005 - DATE AND TIME OF LATEST TRANSACTION | |
| control field | 20260403152021.0 |
| 008 - FIXED-LENGTH DATA ELEMENTS--GENERAL INFORMATION | |
| fixed length control field | 260311s2025 ai ||||r|||| 00||0darm d |
| 020 ## - INTERNATIONAL STANDARD BOOK NUMBER | |
| International Standard Book Number | 978-9939-59-358-6 |
| 040 ## - CATALOGING SOURCE | |
| Original cataloging agency | AM-YEHGA |
| 041 0# - LANGUAGE CODE | |
| Language code of text/sound track or separate title | arm |
| 001 - CONTROL NUMBER | |
| control field | 2053180 |
| 100 1# - MAIN ENTRY--PERSONAL NAME | |
| Personal name | Հարութունյան, Ավետիս Հմայակի, |
| Dates associated with a name | 1962- |
| 245 10 - TITLE STATEMENT | |
| Title | Հայ գաղթականությունն Առաջին աշխարհամարտի տարիներին և Հայ Առաքելական Սուրբ Եկեղեցին (1914-1917) / |
| Statement of responsibility, etc. | Ա․ Հարութունյան ; Խմբ․՝ Լ․Մ․ Ավագյան․ |
| 246 31 - VARYING FORM OF TITLE | |
| Title proper/short title | Armenian Refugees During World War I and the Armenian Apostolic Holy Church (1914-1917) |
| 246 31 - VARYING FORM OF TITLE | |
| Title proper/short title | Армянские беженцы в годы Первой мировой войны и Армянская Апостольская Святая Церковь (1914-1917) |
| 260 ## - PUBLICATION, DISTRIBUTION, ETC. | |
| Place of publication, distribution, etc. | Ս. Էջմիածին ։ |
| Name of publisher, distributor, etc. | Մայր Աթոռ Սուրբ Էջմիածնի Հրատարակչություն, |
| Date of publication, distribution, etc. | 2025 |
| 300 ## - PHYSICAL DESCRIPTION | |
| Extent | 456 էջ |
| 504 ## - BIBLIOGRAPHY, ETC. NOTE | |
| Bibliography, etc. note | Օգտագործված սկզբնաղբյուրների և գրականության ցանկ՝ էջ 436-454 |
| 650 14 - SUBJECT ADDED ENTRY--TOPICAL TERM | |
| Topical term or geographic name entry element | Հայոց պատմություն |
| Chronological subdivision | 1914-1917 |
| General subdivision | Առաջին աշխարհամարտ |
| 650 14 - SUBJECT ADDED ENTRY--TOPICAL TERM | |
| Topical term or geographic name entry element | Հայոց եկեղեցի |
| 700 1# - ADDED ENTRY--PERSONAL NAME | |
| Personal name | Ավագյան, Լ․Մ․ |
| Relator term | խմբագիր |
| Relationship | edt |
| 942 ## - ADDED ENTRY ELEMENTS (KOHA) | |
| Source of classification or shelving scheme | Universal Decimal Classification |
| Koha item type | Գրքեր / Books |
| Withdrawn status | Lost status | Source of classification or shelving scheme | Damaged status | Not for loan | Collection | Home library | Current library | Date acquired | Total checkouts | Full call number | Barcode | Date last seen | Price effective from | Koha item type | Public note |
|---|---|---|---|---|---|---|---|---|---|---|---|---|---|---|---|
| Universal Decimal Classification | General | Fundamental Scientific Library | Fundamental Scientific Library | 11/03/2026 | AII/114366 | FL0704802 | 11/03/2026 | 11/03/2026 | Գրքեր / Books | 30 Days Loan |
ՀՀ Գիտությունների ազգային ակադեմիայի հիմնարար գիտական գրադարան = Fundamental Scientific Library of NAS RA
All site content, except where otherwise noted, is licensed under a